| 000 | 00831cab a22002175a 4500 | ||
|---|---|---|---|
| 001 | L137077 | ||
| 008 | 070313e2007 xxk 000 0 eng d | ||
| 035 | _a(Sirsi) u137077 | ||
| 041 | _aeng | ||
| 100 | 1 | _aCharters, David | |
| 245 | _aHealthcare and fire safety | ||
| 260 | _c2007 | ||
| 490 | 0 |
_aConstructing the Future _v(31) Spring 2007, 7(1) |
|
| 520 | _aProvides guidance on fire safety in healthcare premises, with reference to the new Firecode HTM 05 suite. Briefly looks at fire safety engineering, evacuation, the Regulatory Reform (Fire Safety) Order 2005, and care homes. | ||
| 590 | _aKA | ||
| 650 | 2 | 4 | _aFIRECODE HTM 05 |
| 650 | 2 | 4 | _aREGULATORY REFORM (FIRE SAFETY) ORDER 2005 |
| 651 | 4 |
_aEngland and Wales _y1543- |
|
| 690 | _aMANAGEMENT-HEALTH AND SAFETY-FIRE SAFETY-FIRE SAFETY ENGINEERING | ||
| 942 | _n0 | ||
| 999 |
_c78536 _d78536 |
||